Magház versek

Bibliographic Details
Main Author: Csepécz, Szilvia M., 1965-2011 (Author)
Other Authors: Bugyács, Sándor (Illustrator)
Format: Book
Language:Hungarian
PhysicalDescription:71 s. 22 cm
Published: [Pozsony] AB-art c2000
ISBN:8088763843
Subjects:

MARC

LEADER 00000nam a2200000 a 4500
001 vtls001422967
003 SK-MaSNL
005 20260301012916.0
008 251117s2000 xo rg hun
015 |a SNBA2002/02-00442 
020 |a 8088763843 
035 |a SNK000377838 
035 |a urn:nbn:sk:snk-amknkf 
035 |a urn:nbn:sk:snk-am003vv6 
035 |a 0DFD1C18-7709-42F3-9BB6-B5003BD0BB4E 
040 |a SNK  |b slo  |c SNK  |e AACR2 
041 0 |a hun 
044 |a xo  |c SK 
080 |a 894.511 (437.6)-1=945.11  |2 1981 
100 1 |a Csepécz, Szilvia M.,  |d 1965-2011  |4 aut  |9 49646 
245 1 0 |a Magház  |b versek  |c M. Csepécz Szilvia 
260 |a [Pozsony]  |b AB-art  |c c2000 
300 |a 71 s.  |c 22 cm 
500 |a Tiráž aj v slov. 
500 |a Ilustr. Sándor Bugyács 
650 0 7 |a lyrické básne, maďarské  |2 SNK  |9 71024 
655 7 |a umelecká literatúra  |2 SNK  |9 60405 
700 1 |a Bugyács, Sándor  |4 ill  |9 11192 
752 |d Bratislava 
852 |a Slovenská národná knižnica 
919 |a 80-88763-84-3 
954 |a beletria cudzojazyčná (svetová)  |2 lita 
958 |a TL 
958 |a HU 
958 |a LX 
999 |c 554685  |d 556615 
952 |t P60, <03>, [BOOK], {603}  |a SNK  |b SNK  |y PREZ  |7 0  |p 17A0320290  |o snkSC 106372  |i snkKSP 12336/2001  |0 0  |1 0  |4 0  |d 2001-10-29  |f 1  |l 0  |r 2025-09-26 00:00:00  |w 2026-02-23 
952 |t P60, <04>, [BOOK], {604}  |a SNK  |b SNK  |y VYP  |7 0  |p 17A0320291  |o snkSC 106372 D1  |i snkKSP 12337/2001  |0 0  |1 0  |4 0  |d 2001-10-29  |l 0  |r 2005-01-02 00:00:00  |w 2026-02-23